| 000 | 00887pab a2200169 454500 | ||
|---|---|---|---|
| 008 | 180718b2008 xxu||||| |||| 00| 0 eng d | ||
| 100 | _aTilak, Jandhyala B.G. | ||
| 245 | _aEducation in 2008-09 union budgbet | ||
| 260 | _c2008 | ||
| 300 | _ap.49-56. | ||
| 362 | _a17 May | ||
| 520 | _aThe allocations to the education sector in the union budget for 2008-09 are substantially more than in 2007-08, but the hike is not as large as in previous years. The budget marks a shift in priorities in a number of areas. One higher priority to secondary, technical and higher education, and less to elementary education. Two, a preference for expansion of elite over mass-based system. And, three, a preference for funding from cesses over allocations from the general budget. - Reproduced. | ||
| 650 | _aEducation | ||
| 773 | _aEconomic and Political Weekly | ||
| 908 | _aN | ||
| 909 | _a78190 | ||
| 999 |
_c78190 _d78190 |
||